Vista normal
Vista MARC
Entrada Materia (personas)
Número de registros utilizados en: 1
001 - CONTROL NUMBER
- control field: 139591
003 - CONTROL NUMBER IDENTIFIER
- control field: Co-BoUCM
005 - DATE AND TIME OF LATEST TRANSACTION
- control field: 20211022073054.0
008 - FIXED-LENGTH DATA ELEMENTS
- fixed length control field: 211022|| aca||aabn | a|a d
040 ## - CATALOGING SOURCE
- Original cataloging agency: Co-BoUCM
- Transcribing agency: Co-BoUCM
100 ## - HEADING--PERSONAL NAME
- Personal name: O'Brian, Patrick
- Dates associated with a name: 1914-2000
670 ## - SOURCE DATA FOUND
- Source citation: Work cat.: (Co-BoUCM)66664: O'Brian, Patrick 1914-2000, The complete Aubrey / Maturin novels, 2004